Foreign Affairs : (Record no. 566169)
[ view plain ]
| 000 -LEADER | |
|---|---|
| fixed length control field | 00272nam a22000977a 4500 |
| 082 ## - DEWEY DECIMAL CLASSIFICATION NUMBER | |
| Classification number | Vol- |
| 245 ## - TITLE STATEMENT | |
| Title | Foreign Affairs : |
| Remainder of title | magazine for in-depth analysis and debate of foreign policy / |
| 260 ## - PUBLICATION, DISTRIBUTION, ETC. (IMPRINT) | |
| Place of publication, distribution, etc | Canada : |
| Name of publisher, distributor, etc | Council on Foreign Relations, |
| 300 ## - PHYSICAL DESCRIPTION | |
| Dimensions | 24cm. |
| 942 ## - ADDED ENTRY ELEMENTS (KOHA) | |
| Koha item type | Continuing Resources |
| Damaged status | Not for loan | Permanent Location | Current Location | Shelving location | Date acquired | Full call number | Barcode | Koha item type |
|---|---|---|---|---|---|---|---|---|
| Central Library (CL) | Central Library (CL) | Reference | 06/14/2021 | Vol-100, No-3 May / June 2021 | S-3290 | Continuing Resources | ||
| Central Library (CL) | Central Library (CL) | Reference | 10/12/2022 | Vol-101, No. 5 - Sep/Oct 2022 | S-4349 | Continuing Resources |
